000 00601nam a22002052 4500
001 0000004708
005 20151217151939.0
008 070528s xx 000 0 eng d
020 _a0898750709 :
_cKES 8,300
040 _aKABU
_cKABU
050 0 _aQK725
_b.P53
245 1 0 _aPlant cell culture /
_ced. by R. G. Butenko.
260 _aHonolulu, Hawai :
_bUniversity Press of the Pacific,
_c2000.
300 _a207 p.
650 0 _aPlant cell culture.
_@0000155425
700 1 _aButenko, R. G.
_@0000155426
908 _a070528
950 _@1
999 _c6610
_d6610